000
00372nam a2200121Ia 4500
003
GCL
008
140319s9999 xx 000 0 ara d
040
_a
GCL /
_c
GCL
082
0
4
_a
515
_b
ل ن
245
1
0
_a
النهايات والاتصال فى حساب التفاضل والتكامل
260
_a
[S.N] :
_b
الدار الدولية للنشر والتوزيع
490
_a
999
_c
30160
_d
30160